French 1-9 CHaptiers - Statistics

General Stats
  • This quiz has been taken 3 times
  • The average score is 6 of 115
Answer Stats
Hint Answer % Correct
grâce à thanks to
67%
bouger to move
67%
un astéroïde asteroid
33%
le doute doubt
33%
le visage face
33%
le chiffre figure/number
33%
afin que in order that
33%
un mensonge lie
33%
le chef-d'œuvre masterpiece
33%
la proie prey
33%
fier | orgueilleuse proud
33%
sentir to feel
33%
deviner to guess
33%
la voix voice
33%
un tas a lot
0%
la colère anger
0%
au hasard de at random
0%
attentivement attentively
0%
la caisse box
0%
une panne breakdown
0%
un éclat burst
0%
un arbuste bush, shrub
0%
par hasard by chance
0%
le soin care
0%
la carrière career
0%
ravissant charming, delightful
0%
une corde cord, rope
0%
oser dare
0%
ornée decorated
0%
décourager discourage
0%
la colombe dove
0%
une rêverie dream
0%
le crépuscule dusk, twilight
0%
le conte de fée fairy tale
0%
le stylographe fountain pen
0%
une lueur gleam of light
0%
le globe globe
0%
à peine hardly
0%
la corne horn
0%
l'humeur humor
0%
lucide intelligent, sane
0%
à l'abri de in the shelter of
0%
un genre kind
0%
la foudre lightning
0%
léger light (weight)
0%
peu à peu little by little
0%
égaré lost
0%
le malheur misfortune
0%
le baobab monkeybread tree
0%
n'importe où no matter where
0%
soi oneself
0%
là-dessus on that
0%
en dehors outside of
0%
la poche pocket
0%
l'orgueil pride
0%
la preuve proof
0%
la racine root
0%
un rang row
0%
un paravent screen
0%
la graine seed, grain
0%
le naufragé shipwrecked person
0%
la pousse shoot
0%
le sanglot sob
0%
le sol soil, ground
0%
une brindille sprig
0%
un piquet stake
0%
le pas step
0%
sot(sotte) stupid
0%
tellement such
0%
brusquement suddenly
0%
la douceur sweetness
0%
la larme tear
0%
une épine thorn
0%
apparaître to appear
0%
s'épuiser to be exhausted
0%
éclater to burst
0%
entrevoir to catch a glimpse
0%
mâcher to chew
0%
ramoner to clean(chimney)
0%
convaincre to convince
0%
se crier to cry out
0%
désobéir to disobey
0%
éprouver to feel, experience
0%
voler to fly, steal
0%
germer to germinate
0%
grandir to grow
0%
vieillir to grow old
0%
en vouloir à to have a grudge
0%
améliorer to improve
0%
sauter to jump, leap
0%
se moquer de to make fun of
0%
apercevoir to perceive
0%
piloter to pilot, fly
0%
se plonger to plunge
0%
posséder to possess, own
0%
tirer to pull, draw, draw out
0%
pousser to push, grow (plant)
0%
interroger to question
0%
révéler to reveal
0%
choquer to shock
0%
hausser to shrug
0%
suffire to suffice
0%
avalé to swallow
0%
réfléchir to think, reflect
0%
hocher (la tête) to toss (one's head)
0%
traiter to treat
0%
tâcher to try
0%
envers towards
0%
arroser to water
0%
le trésor treasure
0%
véritablement truly, really
0%
un volcan volcano
0%
la sagesse wisdom
0%
le pire worst
0%
No matching quizzes found
Score Distribution
Percent of People with Each Score
Percentile by Number Answered
Your Score History
You have not taken this quiz